Tourism : (Record no. 31572)

000 -LEADER
fixed length control field 00942cam a2200253 a 4500
001 - CONTROL NUMBER
control field 4974082
005 - DATE AND TIME OF LATEST TRANSACTION
control field 20230530112440.0
008 - FIXED-LENGTH DATA ELEMENTS--GENERAL INFORMATION
fixed length control field 970825s1997 enka b 001 0 eng d
010 ## - LIBRARY OF CONGRESS CONTROL NUMBER
LC control number 97203572
020 ## - INTERNATIONAL STANDARD BOOK NUMBER
International Standard Book Number 0750622725
035 ## - SYSTEM CONTROL NUMBER
System control number (OCoLC)37523280
040 ## - CATALOGING SOURCE
Original cataloging agency UkGUS
Transcribing agency UkGUS
Modifying agency DLC
042 ## - AUTHENTICATION CODE
Authentication code lccopycat
050 00 - LIBRARY OF CONGRESS CALL NUMBER
Classification number G 155 .A1D684 2002
100 1# - MAIN ENTRY--PERSONAL NAME
Personal name Doswell, Roger.
245 10 - TITLE STATEMENT
Title Tourism :
Remainder of title how effective management makes the difference /
Statement of responsibility, etc. Roger Doswell.
260 ## - PUBLICATION, DISTRIBUTION, ETC. (IMPRINT)
Place of publication, distribution, etc. Oxford ;
-- Boston :
Name of publisher, distributor, etc. Butterworth-Heinemann,
Date of publication, distribution, etc. 2002.
300 ## - PHYSICAL DESCRIPTION
Extent x, 319 p. :
Other physical details ill. ;
Dimensions 24 cm.
504 ## - BIBLIOGRAPHY, ETC. NOTE
Bibliography, etc Includes bibliographical references (p. [308]-312) and index.
650 #0 - SUBJECT ADDED ENTRY--TOPICAL TERM
Topical term or geographic name as entry element Tourism
General subdivision Management.
856 42 - ELECTRONIC LOCATION AND ACCESS
Materials specified Publisher description
Uniform Resource Identifier <a href="http://www.loc.gov/catdir/description/els033/97203572.html">http://www.loc.gov/catdir/description/els033/97203572.html</a>
856 41 - ELECTRONIC LOCATION AND ACCESS
Materials specified Table of contents
Uniform Resource Identifier <a href="http://www.loc.gov/catdir/toc/els032/97203572.html">http://www.loc.gov/catdir/toc/els032/97203572.html</a>
942 ## - ADDED ENTRY ELEMENTS (KOHA)
Source of classification or shelving scheme
Koha item type Hard Covered Materials
Classification part G 155 .A1D684 2002
Holdings
Withdrawn status Lost status Source of classification or shelving scheme Damaged status Not for loan Home library Current library Shelving location Date acquired Source of acquisition Total Checkouts Full call number Barcode Date last seen Price effective from Koha item type
          MACHAKOS UNIVERSITY LIBRARY MACHAKOS UNIVERSITY LIBRARY Open shelf 10/05/2023 Purchase - Falcon Books   G 155 .A1D684 2002 39360 30/05/2023 30/05/2023 Hard Covered Materials
© Machakos University Library, Along The Highway, Machakos Wote Rd, Machakos, Kenya P.O. Box 136 - 90100 Machakos - Kenya

Tel: ( +254 ) 723 805829 OR Fax : 044-20353 OR Email: library@mksu.ac.ke